[Event "26th Abu Dhabi Masters"]
[Site "Abu Dhabi UAE"]
[Date "2019.08.02"]
[Round "1.1"]
[White "Kryvoruchko, Yuriy"]
[Black "Viani, Antonio Dcunha"]
[Result "0-1"]
[WhiteTitle "GM"]
[BlackTitle "IM"]
[WhiteElo "2686"]
[BlackElo "2371"]
[WhiteFideId "14109182"]
[BlackFideId "5027330"]
[EventDate "2019.08.02"]

1. e4 e5 2. Nf3 Nc6 3. Bb5 a6 4. Ba4 Nf6 5. O-O Bc5 6. Bxc6 dxc6 7. d3 Bg4 8. h3
Bh5 9. g4 Bg6 10. Nxe5 Nd7 11. Nxd7 Qxd7 12. Be3 Bxe3 13. fxe3 h5 14. Kg2 O-O-O
15. Nd2 Kb8 16. Nb3 hxg4 17. Qxg4 Qe7 18. Nd4 Rh4 19. Qg3 Rdh8 20. Rh1 R4h5 21.
h4 R8h6 22. Kf2 Bxe4 23. dxe4 Qxe4 24. Ke2 c5 25. Qf3 Qh7 26. Kd2 cxd4 27. exd4
Rxh4 28. Rxh4 Rxh4 29. Rg1 Qh6+ 30. Kd3 Rf4 31. Qd5 Rf2 32. c3 Qd2+ 33. Kc4 Qxb2 0-1

[Event "26th Abu Dhabi Masters"]
[Site "Abu Dhabi UAE"]
[Date "2019.08.02"]
[Round "1.2"]
[White "Rajdeep, Sarkar"]
[Black "Ni, Hua"]
[Result "1/2-1/2"]
[WhiteTitle "FM"]
[BlackTitle "GM"]
[WhiteElo "2367"]
[BlackElo "2668"]
[WhiteFideId "25007963"]
[BlackFideId "8601160"]
[EventDate "2019.08.02"]

1. c4 e5 2. Nc3 Bb4 3. Nd5 a5 4. a3 Bc5 5. Nf3 c6 6. Nc3 d6 7. e3 Nd7 8. d4 Ba7
9. Be2 Ngf6 10. b4 O-O 11. Bb2 Re8 12. dxe5 dxe5 13. c5 Qe7 14. Nd2 Bb8 15. Nc4
Rd8 16. Qc2 axb4 17. axb4 Rxa1+ 18. Bxa1 Nd5 19. Nxd5 cxd5 20. Nd2 Qh4 21. b5
Qb4 22. c6 bxc6 23. bxc6 Qc5 24. Qxc5 Nxc5 25. O-O Bc7 26. f4 exf4 27. exf4 d4
28. g3 Be6 29. Bc4 Kf8 30. Bxe6 Nxe6 31. f5 Nc5 32. Bb2 Nd3 33. Ba3+ Ke8 34. f6
gxf6 35. Ne4 Ra8 36. Nxf6+ Kd8 37. Bf8 Ne5 38. Nd5 Nxc6 39. Nxc7 Kxc7 40. Rxf7+
Kb6 41. Bh6 Ne5 42. Rxh7 Ra2 43. h4 d3 44. Re7 Ng4 45. Bf4 d2 46. Bxd2 Rxd2 47.
Re4 Nf2 48. Re6+ Kc5 49. Kg2 Kd5 50. Re8 Ra2 51. Kf3 Nh3 52. Re1 Nf2 53. Re2
Rxe2 1/2-1/2

[Event "26th Abu Dhabi Masters"]
[Site "Abu Dhabi UAE"]
[Date "2019.08.02"]
[Round "1.4"]
[White "Raja, Rithvik R"]
[Black "Maghsoodloo, Parham"]
[Result "0-1"]
[WhiteTitle "IM"]
[BlackTitle "GM"]
[WhiteElo "2364"]
[BlackElo "2656"]
[WhiteFideId "35007394"]
[BlackFideId "12539929"]
[EventDate "2019.08.02"]

1. d4 f5 2. c4 Nf6 3. Nc3 e6 4. Qc2 b6 5. e3 Bb7 6. f3 c5 7. d5 exd5 8. cxd5
Nxd5 9. Nxd5 Bxd5 10. Qxf5 Be6 11. Qe4 Nc6 12. Bc4 Qe7 13. Ne2 Bg8 14. Qxe7+
Bxe7 15. Bxg8 Rxg8 16. Nc3 Bf6 17. Nd5 Rc8 18. Ke2 Ne7 19. Rd1 c4 20. Rb1 Rc5
21. Nxe7 Kxe7 22. Bd2 Rb5 23. Bc3 Bxc3 24. bxc3 Ra5 25. Rb2 Rc8 26. Rd4 Ra3 27.
Rc2 Rc5 28. e4 Rca5 29. Rdd2 b5 30. Kf2 Ra6 31. Rb2 Rb6 32. Rbc2 Rd6 33. Ke2 a5
34. h4 Rxd2+ 35. Kxd2 Kd6 36. Kc1 Kc5 37. Kb1 d6 38. Rd2 Rxc3 39. Rd5+ Kc6 40.
Rg5 g6 41. h5 gxh5 42. Rxh5 Re3 43. a4 Re1+ 44. Kc2 b4 45. Rxa5 b3+ 46. Kc3 Rc1+
47. Kb2 Rc2+ 48. Kb1 Ra2 49. Ra8 Kc5 0-1

[Event "26th Abu Dhabi Masters"]
[Site "Abu Dhabi UAE"]
[Date "2019.08.02"]
[Round "1.5"]
[White "Akopian, Vladimir"]
[Black "Kulkarni, Rakesh"]
[Result "1-0"]
[WhiteTitle "GM"]
[BlackTitle "IM"]
[WhiteElo "2650"]
[BlackElo "2360"]
[WhiteFideId "13300032"]
[BlackFideId "5037077"]
[EventDate "2019.08.02"]

1. e4 c5 2. Nf3 e6 3. d4 cxd4 4. Nxd4 a6 5. Bd3 Ne7 6. O-O Nbc6 7. Nxc6 Nxc6 8.
Qg4 g6 9. Bg5 f6 10. Be3 Bg7 11. Qg3 O-O 12. Nc3 b5 13. h4 Bb7 14. h5 Ne5 15.
hxg6 hxg6 16. f4 Nxd3 17. cxd3 d5 18. exd5 exd5 19. Bd4 b4 20. Na4 Qe8 21. Nb6
Rd8 22. Rac1 f5 23. Bxg7 Kxg7 24. Rfe1 Qf7 25. Qe3 Qf6 26. Rc7+ Rf7 27. Qc5 Rxc7
28. Qxc7+ Kh6 29. Qxb7 Qd4+ 30. Kh1 Qxf4 31. Qe7 Rd6 32. Re3 Qf1+ 33. Kh2 Qf4+
34. Kg1 Qd4 35. Kh1 Rf6 36. Nxd5 1-0

[Event "26th Abu Dhabi Masters"]
[Site "Abu Dhabi UAE"]
[Date "2019.08.02"]
[Round "1.6"]
[White "Divya, Deshmukh"]
[Black "Onischuk, Vladimir"]
[Result "1-0"]
[WhiteTitle "WIM"]
[BlackTitle "GM"]
[WhiteElo "2360"]
[BlackElo "2640"]
[WhiteFideId "35006916"]
[BlackFideId "14114038"]
[EventDate "2019.08.02"]

1. e4 d6 2. d4 g6 3. Nc3 Bg7 4. Be3 a6 5. h4 h6 6. f4 h5 7. Qd2 Nh6 8. Bd3 Nd7
9. Nf3 Nf6 10. O-O-O Nfg4 11. Rhe1 c6 12. Bg1 d5 13. Na4 O-O 14. Kb1 dxe4 15.
Bxe4 Nf6 16. Bd3 Bg4 17. c4 Nf5 18. Rc1 e6 19. Qf2 Bxf3 20. gxf3 b5 21. Nc5 bxc4
22. Rxc4 Nd5 23. Bxf5 exf5 24. Nd3 Rc8 25. Rec1 Re8 26. a3 Ne3 27. Ra4 Bxd4 28.
Qd2 Rb8 29. Nb4 Qd7 30. Rxa6 Re6 31. Raxc6 Rxc6 32. Rxc6 Rxb4 33. Qxb4 Qxc6 34.
Qxd4 Nc4 35. Qc3 Qe6 36. Bd4 Qe2 37. Ka2 Qe6 38. Ka1 Nd6 39. Be5 Nc4 40. Bf6 Nd6
41. Qe5 Qd7 42. Qd5 Kf8 43. Kb1 Ke8 44. a4 Nc8 45. Qe5+ Kf8 46. Qc5+ Ke8 47.
Qe3+ Kf8 48. b3 Qc6 49. Bd4 f6 50. Kb2 Kf7 51. Qc3 Ne7 52. Qxc6 Nxc6 53. Be3 Ke6
54. Kc3 Kd5 55. b4 Nd8 56. b5 Ne6 57. a5 g5 58. a6 Nc7 59. fxg5 fxg5 60. hxg5
Nxb5+ 61. Kb4 Nc7 62. a7 Kc6 63. Bf4 Nd5+ 64. Kc4 1-0

[Event "26th Abu Dhabi Masters"]
[Site "Abu Dhabi UAE"]
[Date "2019.08.02"]
[Round "1.7"]
[White "Volokitin, Andrei"]
[Black "Dixit, Nikhil"]
[Result "1/2-1/2"]
[WhiteTitle "GM"]
[BlackTitle "FM"]
[WhiteElo "2636"]
[BlackElo "2358"]
[WhiteFideId "14107090"]
[BlackFideId "5059534"]
[EventDate "2019.08.02"]

1. e4 e6 2. d4 d5 3. Nc3 Nf6 4. e5 Nfd7 5. f4 c5 6. Nf3 Nc6 7. Be3 Qb6 8. Na4
Qa5+ 9. c3 c4 10. b4 Nxb4 11. cxb4 Bxb4+ 12. Kf2 b5 13. Nc5 Nxc5 14. dxc5 Bd7
15. a3 Bc3 16. Rb1 O-O 1/2-1/2

[Event "26th Abu Dhabi Masters"]
[Site "Abu Dhabi UAE"]
[Date "2019.08.02"]
[Round "1.8"]
[White "Mullick, Raahil"]
[Black "Ter-Sahakyan, Samvel"]
[Result "1-0"]
[WhiteTitle "CM"]
[BlackTitle "GM"]
[WhiteElo "2355"]
[BlackElo "2632"]
[WhiteFideId "35080350"]
[BlackFideId "13302531"]
[EventDate "2019.08.02"]

1. e4 c5 2. Nf3 d6 3. d4 cxd4 4. Nxd4 Nf6 5. Nc3 a6 6. Be3 e5 7. Nb3 Be6 8. f3
h5 9. Nd5 Bxd5 10. exd5 Nbd7 11. Qd2 g6 12. Be2 Bg7 13. O-O b6 14. c4 O-O 15.
Rad1 Re8 16. Kh1 a5 17. Na1 Nc5 18. Nc2 Ra7 19. Na3 e4 20. f4 Ng4 21. Bxg4 hxg4
22. Nb5 Rd7 23. f5 Be5 24. g3 Qf6 25. Nd4 Nd3 26. fxg6 Qxg6 27. Nf5 f6 28. Nh4
Qh7 29. b3 Rg7 30. Rf5 Rg6 31. Rdf1 Rg7 32. Bxb6 Rb7 33. Bxa5 Ra8 34. Bc3 Rba7
35. a4 Rb7 36. Bxe5 Nxe5 37. Rxf6 Rxb3 38. Qg5+ Qg7 39. Ng6 1-0

[Event "26th Abu Dhabi Masters"]
[Site "Abu Dhabi UAE"]
[Date "2019.08.02"]
[Round "1.9"]
[White "Esipenko, Andrey"]
[Black "Pranav, Anand"]
[Result "1-0"]
[WhiteTitle "GM"]
[BlackTitle "FM"]
[WhiteElo "2625"]
[BlackElo "2347"]
[WhiteFideId "24175439"]
[BlackFideId "46626786"]
[EventDate "2019.08.02"]

1. d4 Nf6 2. c4 g6 3. g3 Bg7 4. Bg2 O-O 5. Nf3 d6 6. O-O Nbd7 7. Qc2 e5 8. Rd1
Re8 9. Nc3 exd4 10. Nxd4 Nc5 11. b3 a5 12. h3 Bd7 13. Rb1 Qc8 14. Kh2 h6 15. e4
Ne6 16. Nxe6 Bxe6 17. Be3 Nd7 18. Qd2 Kh7 19. f4 f5 20. Bd4 Nf6 21. exf5 Bxf5
22. Rbc1 Be4 23. Nxe4 Nxe4 24. Qc2 Nc5 25. Bxc5 dxc5 26. Be4 Qe6 27. Re1 Qf6 28.
Bxb7 Rad8 29. Be4 Bf8 30. Re2 Kg7 31. Rce1 g5 32. fxg5 Qxg5 33. h4 Qg4 34. Bf5
Rxe2+ 35. Rxe2 Qd4 36. Kh3 Qd1 37. Qc3+ Rd4 38. Qf3 Kh8 39. Bc2 1-0

[Event "26th Abu Dhabi Masters"]
[Site "Abu Dhabi UAE"]
[Date "2019.08.02"]
[Round "1.10"]
[White "Moksh, Amit Doshi"]
[Black "Socko, Bartosz"]
[Result "0-1"]
[BlackTitle "GM"]
[WhiteElo "2343"]
[BlackElo "2625"]
[WhiteFideId "25064967"]
[BlackFideId "1107038"]
[EventDate "2019.08.02"]

1. d4 Nf6 2. c4 e6 3. g3 c5 4. Nf3 b6 5. Bg2 Bb7 6. O-O cxd4 7. Nxd4 Bxg2 8.
Kxg2 Be7 9. Nc3 O-O 10. e4 Qc7 11. Qe2 Nc6 12. Nxc6 Qxc6 13. f3 d6 14. b3 a6 15.
Bb2 Rab8 16. Rac1 Qb7 17. Rfd1 b5 18. cxb5 axb5 19. e5 dxe5 20. Qxe5 Rfd8 21.
Ne4 Rxd1 22. Rxd1 Ra8 23. a3 h6 24. b4 Rc8 25. Rd2 Qc6 26. h3 Ne8 27. g4 Kf8 28.
Bd4 f6 29. Qf4 e5 30. Bxe5 g5 31. Qf5 Ng7 32. Qg6 fxe5 33. Nd6 Bxd6 34. Qf6+ Kg8
35. Rxd6 Qc2+ 36. Kg3 Qc1 0-1

[Event "26th Abu Dhabi Masters"]
[Site "Abu Dhabi UAE"]
[Date "2019.08.02"]
[Round "1.11"]
[White "Indjic, Aleksandar"]
[Black "Nandhidhaa, P V"]
[Result "1-0"]
[WhiteTitle "GM"]
[BlackTitle "WIM"]
[WhiteElo "2617"]
[BlackElo "2332"]
[WhiteFideId "911925"]
[BlackFideId "5050847"]
[EventDate "2019.08.02"]

1. c4 Nf6 2. Nc3 e6 3. e3 d5 4. Nf3 c5 5. cxd5 exd5 6. d4 cxd4 7. Nxd4 Nc6 8.
Bb5 Bd7 9. O-O Be7 10. b3 O-O 11. Bb2 Rc8 12. Nf3 Be6 13. Bd3 h6 14. a3 Qd7 15.
Ne2 Ne4 16. Ng3 Rfd8 17. Qb1 Nxg3 18. hxg3 d4 19. Bxd4 Nxd4 20. Nxd4 Bf6 21.
Bh7+ Kh8 22. Nxe6 Qxe6 23. Bf5 Qb6 24. Bxc8 Bxa1 25. Bg4 Bf6 26. b4 Qb5 27. Rc1
Qe5 28. Rc5 Qb2 29. Qxb2 Bxb2 30. a4 Ba3 31. Rc7 Bxb4 32. Rxb7 a5 33. Rxf7 Re8
34. Rc7 Kg8 35. Bh5 Rf8 36. Kf1 Rf5 37. Bg6 Rf6 38. Rc8+ Rf8 39. Rc2 Rf6 40. Bd3
Rd6 41. Ke2 Rd7 42. f4 Kf7 43. e4 Ke7 44. e5 Kd8 45. Rc6 Rc7 46. Rg6 Ke8 47. g4 1-0

[Event "26th Abu Dhabi Masters"]
[Site "Abu Dhabi UAE"]
[Date "2019.08.02"]
[Round "1.12"]
[White "Aronyak, Ghosh"]
[Black "Yilmaz, Mustafa"]
[Result "0-1"]
[WhiteTitle "CM"]
[BlackTitle "GM"]
[WhiteElo "2332"]
[BlackElo "2614"]
[WhiteFideId "25072846"]
[BlackFideId "6302718"]
[EventDate "2019.08.02"]

1. Nf3 c5 2. c4 Nf6 3. g3 Nc6 4. Bg2 d5 5. cxd5 Nxd5 6. Nc3 Nc7 7. d3 e5 8. Be3
Be7 9. Rc1 Bd7 10. Ne4 b6 11. b4 cxb4 12. Nxe5 Nxe5 13. Bf4 O-O 14. Bxe5 Nd5 15.
O-O Be6 16. Qa4 a5 17. Rc2 Qe8 18. Qxe8 Rfxe8 19. Rfc1 Rac8 20. Nd2 Nc3 21. Bxc3
Rxc3 22. Rxc3 bxc3 23. Nb1 b5 24. d4 b4 25. d5 Bd7 26. e3 Bf6 27. Bf1 Bf5 28.
Bb5 Rd8 0-1

[Event "26th Abu Dhabi Masters"]
[Site "Abu Dhabi UAE"]
[Date "2019.08.02"]
[Round "1.14"]
[White "Krishnater, Kushager"]
[Black "Karthikeyan, Murali"]
[Result "0-1"]
[WhiteTitle "FM"]
[BlackTitle "GM"]
[WhiteElo "2324"]
[BlackElo "2612"]
[WhiteFideId "25041142"]
[BlackFideId "5074452"]
[EventDate "2019.08.02"]

1. e4 c5 2. Nf3 e6 3. d4 cxd4 4. Nxd4 a6 5. c4 Nf6 6. Nc3 Qc7 7. Be2 Nc6 8. O-O
h5 9. Bg5 Ng4 10. Nf3 f6 11. Bh4 Bd6 12. Bg3 Bxg3 13. hxg3 Nge5 14. Rc1 Nxf3+
15. gxf3 g5 16. Kg2 b6 17. Qd2 Bb7 18. Qe3 Ne5 19. Na4 Rb8 20. Qxb6 Qxb6 21.
Nxb6 g4 22. c5 gxf3+ 23. Bxf3 h4 24. Be2 Rg8 25. f3 Rxg3+ 26. Kf2 Ke7 27. Rh1
Rh8 28. Rcd1 Bc6 29. a4 f5 30. exf5 Bxf3 31. Bxf3 Rxf3+ 32. Ke2 Rxf5 33. Rhg1 h3
34. Nxd7 h2 35. Rg7+ Nf7 36. c6 h1=Q 37. Rxh1 Rxh1 38. Rg8 Kd6 0-1

[Event "26th Abu Dhabi Masters"]
[Site "Abu Dhabi UAE"]
[Date "2019.08.02"]
[Round "1.15"]
[White "Aravindh, Chithambaram VR."]
[Black "Zhang, Xiaowen"]
[Result "1-0"]
[WhiteTitle "GM"]
[BlackTitle "WGM"]
[WhiteElo "2607"]
[BlackElo "2316"]
[WhiteFideId "5072786"]
[BlackFideId "8603219"]
[EventDate "2019.08.02"]

1. Nf3 d5 2. d4 Nf6 3. c4 e6 4. g3 dxc4 5. Bg2 c5 6. O-O Nc6 7. Qa4 Bd7 8. Qxc4
b5 9. Qd3 c4 10. Qd1 Rc8 11. Ne5 Nxe5 12. dxe5 Ng4 13. a4 b4 14. Qd4 f5 15. exf6
Nxf6 16. Nd2 Bc5 17. Qh4 c3 18. bxc3 bxc3 19. Nb3 Be7 20. Qd4 Qc7 21. Be3 a6 22.
Rfc1 O-O 23. Qd3 a5 24. Nd4 Ng4 25. Nb5 Bxb5 26. axb5 Bc5 27. Qxc3 Bxe3 28. Qxc7
Bxf2+ 29. Kh1 Rxc7 30. Rxc7 Bb6 31. Bf3 Nf2+ 32. Kg2 Bxc7 33. Kxf2 Rf5 34. Rb1
Bb6+ 35. Ke1 a4 36. Ra1 Rxb5 37. Rxa4 Ra5 38. Rc4 Rc5 39. Re4 Kf7 40. Kf1 Kf6
41. Kg2 h6 42. Bg4 e5 43. Rb4 Bc7 44. Bf3 Rc2 45. Ra4 Ke7 46. Ra6 Bd6 47. Ra7+
Rc7 48. Ra2 Rc4 49. Bd5 Rc5 50. Be4 Rc4 51. Kf3 Rc3+ 52. Bd3 Ra3 53. Rb2 Ra4 54.
Rb7+ Kf6 55. Rd7 Be7 56. Rc7 Rd4 57. Ra7 Rd6 58. Ra8 Rd8 59. Ra1 Rd4 60. Be4 Ke6
61. Ra6+ Rd6 62. Ra7 Kf6 63. h4 h5 64. Bc2 Rc6 65. Bd3 Rd6 66. Bb1 Rc6 67. Rb7
Rc3+ 68. Bd3 Rc6 69. Ke4 Rd6 70. e3 Rc6 71. Bb5 Rc3 72. Rb6+ Kf7 73. Kf5 e4 74.
Rb7 g5 75. hxg5 Rc5+ 76. Kf4 Kf8 77. Rb8+ Kf7 78. Rb7 Kf8 79. g6 Rg5 80. Rb8+
Kg7 81. Rb7 Kf8 82. Rb6 Kg7 83. Be8 Rg4+ 84. Kf5 Rxg3 85. Rb7 Kf8 86. Bf7 Rxe3
87. Rb8+ Kg7 88. Rg8+ Kh6 89. Rh8+ Kg7 90. Rg8+ Kh6 91. Rh8+ Kg7 92. Rh7+ Kf8
93. Ke6 Rg3 94. g7+ 1-0

[Event "26th Abu Dhabi Masters"]
[Site "Abu Dhabi UAE"]
[Date "2019.08.02"]
[Round "1.16"]
[White "Pranav, V"]
[Black "Zubov, Alexander"]
[Result "0-1"]
[BlackTitle "GM"]
[WhiteElo "2316"]
[BlackElo "2607"]
[WhiteFideId "25060783"]
[BlackFideId "14109409"]
[EventDate "2019.08.02"]

1. e4 c5 2. Nf3 d6 3. Bb5+ Nd7 4. d4 cxd4 5. Qxd4 a6 6. Bxd7+ Bxd7 7. Nc3 e5 8.
Qd3 h6 9. Nd2 Rc8 10. Nc4 Be6 11. Ne3 Nf6 12. O-O Be7 13. b3 O-O 14. Bb2 b5 15.
a4 Qb6 16. Rfd1 b4 17. Ncd5 Nxd5 18. exd5 Bd7 19. Nc4 Qc5 20. Bc1 Bg5 21. c3
Bxc1 22. Raxc1 Rc7 23. Qd2 bxc3 24. Rxc3 Qb4 25. Re3 Qxd2 26. Nxd2 Rd8 27. f3 f6
28. Re4 Rc3 29. Nc4 Be8 30. Re3 Rc2 31. Na5 Kf8 32. Re4 Rb8 33. Rc4 Rxc4 34.
Nxc4 Ke7 35. Rd3 Rc8 36. Rc3 Rc5 37. Kf2 g6 38. Ke3 a5 39. Kd2 Rxd5+ 40. Kc2 Bf7
41. Nb2 Kd7 42. Nd1 Rd4 43. Nf2 f5 44. Nd3 g5 45. Kc1 h5 46. Ne1 Rb4 47. Kb2 Rb6
48. Nc2 f4 49. Na3 d5 50. Rc5 e4 51. Rxa5 g4 52. Ra7+ Ke8 53. a5 Rb8 54. Rc7 g3
55. a6 gxh2 56. a7 Ra8 57. Rc1 Rxa7 58. Rh1 Bg6 59. Nb5 Re7 60. Rxh2 e3 61. Rh1
Kf7 62. Nd4 Kf6 63. Rc1 Bd3 64. Rh1 Kg5 65. Kc3 Ba6 66. Kc2 Rc7+ 67. Kb2 Bc8 68.
Rd1 Kf6 69. Rh1 Ke5 70. Ne2 Bf5 71. Nc3 d4 72. Nb5 Rc2+ 73. Ka3 d3 74. Kb4 d2
75. Nc3 Rc1 76. Rxh5 Rxc3 77. Kxc3 d1=Q 78. Kb2 e2 79. Rh8 Qb1+ 80. Kc3 e1=Q+
81. Kc4 Be6+ 82. Kc5 Qc3+ 83. Kb6 Qbxb3+ 84. Ka7 Qa1# 0-1

[Event "26th Abu Dhabi Masters"]
[Site "Abu Dhabi UAE"]
[Date "2019.08.02"]
[Round "1.17"]
[White "Tabatabaei, M.amin"]
[Black "Mithil, Ajgaonkar"]
[Result "1-0"]
[WhiteTitle "GM"]
[BlackTitle "FM"]
[WhiteElo "2601"]
[BlackElo "2314"]
[WhiteFideId "12521213"]
[BlackFideId "5017343"]
[EventDate "2019.08.02"]

1. e4 c6 2. d4 d5 3. Nd2 dxe4 4. Nxe4 Nd7 5. Ng5 Ngf6 6. Bd3 e6 7. Qe2 Bd6 8.
N1f3 h6 9. Ne4 Nxe4 10. Qxe4 Nf6 11. Qe2 b6 12. Bd2 Bb7 13. O-O-O Qc7 14. Rhe1
O-O 15. g4 c5 16. dxc5 Qxc5 17. Kb1 e5 18. g5 hxg5 19. Bxg5 Bxf3 20. Qxf3 e4 21.
Bxe4 Nxe4 22. Qxe4 Qxg5 23. Rxd6 Rae8 24. Qxe8 Rxe8 25. Rxe8+ Kh7 26. Rd1 Qf4
27. Re2 Qxh2 28. a4 Qg2 29. b3 Qf3 30. Rdd2 a5 31. Re3 Qh1+ 32. Kb2 f6 33. Rd7
Qh2 34. Rg3 Qxf2 35. Rdxg7+ Kh6 36. R3g6+ Kh5 37. Rg2 Qd4+ 38. c3 1-0

[Event "26th Abu Dhabi Masters"]
[Site "Abu Dhabi UAE"]
[Date "2019.08.02"]
[Round "1.19"]
[White "Bai, Jinshi"]
[Black "Gajwa, Ankit"]
[Result "1-0"]
[WhiteTitle "GM"]
[BlackTitle "FM"]
[WhiteElo "2599"]
[BlackElo "2302"]
[WhiteFideId "8602280"]
[BlackFideId "5077834"]
[EventDate "2019.08.02"]

1. Nf3 Nf6 2. g3 g6 3. b3 Bg7 4. Bb2 c5 5. c4 O-O 6. Bg2 Nc6 7. O-O d6 8. d4
cxd4 9. Nxd4 d5 10. cxd5 Nxd5 11. Nxc6 bxc6 12. Bxg7 Kxg7 13. Qc2 Be6 14. Nc3
Qa5 15. Na4 Rad8 16. Rfd1 Rd6 17. Nc5 Qc3 18. Qc1 Bg4 19. Ne4 Qxc1 20. Rdxc1 Re6
21. e3 Rd8 22. h3 Be2 23. Re1 1-0

[Event "26th Abu Dhabi Masters"]
[Site "Abu Dhabi UAE"]
[Date "2019.08.02"]
[Round "1.20"]
[White "Pranesh, M"]
[Black "Petrov, Nikita"]
[Result "1/2-1/2"]
[WhiteTitle "FM"]
[BlackTitle "GM"]
[WhiteElo "2296"]
[BlackElo "2595"]
[WhiteFideId "35028600"]
[BlackFideId "4101286"]
[EventDate "2019.08.02"]

1. e4 e5 2. Nf3 Nc6 3. Bb5 a6 4. Ba4 Nf6 5. d3 d6 6. c3 Be7 7. O-O O-O 8. Re1
Re8 9. Nbd2 Bf8 10. d4 b5 11. Bc2 Bb7 12. a3 g6 13. Nf1 Bg7 14. Ng3 h6 15. Qd3
d5 16. dxe5 Nxe4 17. Nxe4 dxe4 18. Qxd8 Raxd8 19. Bxe4 Nxe5 20. Bg5 Bxe4 21.
Bxd8 Bxf3 22. Bxc7 Bc6 23. Rad1 Re6 24. f4 Nc4 25. Rd8+ Kh7 26. Rxe6 fxe6 27. b3
Ne3 28. Rd6 Bd5 29. Rd7 Kg8 30. Rd8+ Kf7 31. Rd7+ Kg8 32. Rd8+ Kf7 33. Rd7+ Kg8 1/2-1/2

[Event "26th Abu Dhabi Masters"]
[Site "Abu Dhabi UAE"]
[Date "2019.08.02"]
[Round "1.40"]
[White "Deshpande, Aniruddha"]
[Black "Nguyen, Anh Khoi"]
[Result "1-0"]
[WhiteTitle "FM"]
[BlackTitle "IM"]
[WhiteElo "2234"]
[BlackElo "2529"]
[WhiteFideId "5021774"]
[BlackFideId "12404675"]
[EventDate "2019.08.02"]

1. d4 Nf6 2. c4 e6 3. g3 c5 4. d5 exd5 5. cxd5 d6 6. Nc3 g6 7. Bg2 Bg7 8. Nf3
O-O 9. O-O Re8 10. Re1 a6 11. a4 Nbd7 12. e4 Ng4 13. Nd2 Nge5 14. Bf1 g5 15. f4
gxf4 16. gxf4 Ng6 17. Nf3 Nf6 18. f5 Ne5 19. Nxe5 Rxe5 20. Bf4 Qe7 21. Qf3 Bd7
22. Re2 Kh8 23. Bxe5 Qxe5 24. Rg2 Re8 25. Bd3 c4 26. Bc2 b5 27. axb5 axb5 28.
Kh1 Bf8 29. Rag1 Ra8 30. Qh5 Be8 31. Qg5 h6 32. Qxf6+ Qxf6 33. e5 dxe5 34. Rg8+
Kh7 35. Ne4 Qd8 36. f6 1-0

[Event "26th Abu Dhabi Masters"]
[Site "Abu Dhabi UAE"]
[Date "2019.08.02"]
[Round "1.48"]
[White "Asaka, Samuel"]
[Black "Arjun, Kalyan"]
[Result "1/2-1/2"]
[BlackTitle "IM"]
[WhiteElo "2201"]
[BlackElo "2482"]
[WhiteFideId "3228690"]
[BlackFideId "35018701"]
[EventDate "2019.08.02"]

1. d4 d5 2. Nf3 Nf6 3. g3 c6 4. Bg2 Bg4 5. c4 e6 6. h3 Bh5 7. O-O Be7 8. Nc3 O-O
9. Qb3 Qb6 10. Ne5 Nbd7 11. g4 Bg6 12. g5 Nxe5 13. gxf6 Bxf6 14. Qxb6 axb6 15.
dxe5 Bxe5 16. cxd5 exd5 17. Bd2 Rfe8 18. Rfe1 Re6 19. a4 Bf6 20. e3 Rae8 21. b4
Bf5 22. b5 Be5 23. f4 Bf6 24. Rac1 Bh4 25. Rf1 Rg6 26. Kh1 Bd3 27. Rfd1 Bf2 28.
bxc6 bxc6 29. Na2 Be2 30. Nc3 Bxd1 31. Nxd1 Bh4 32. Rb1 Bd8 33. Nf2 Bc7 34. Nd3
Ra8 35. Ra1 Rd6 36. Nb4 Rad8 37. Bc3 c5 38. Be5 cxb4 39. Bxd6 Bxd6 40. Rd1 Re8
41. Rxd5 Bc5 42. a5 b3 43. a6 b2 44. Rd1 b5 45. Rb1 Rxe3 46. Rxb2 b4 47. Rd2 Kf8
48. Rd7 Ra3 49. Rc7 Ra1+ 50. Kh2 Bg1+ 51. Kg3 Rxa6 52. Bd5 Rg6+ 53. Kf3 Rf6 54.
Rb7 Bc5 55. Rb8+ Ke7 56. Rb7+ Kd6 57. Bb3 Rh6 58. Kg3 Rg6+ 59. Kf3 f6 60. Bc2
Rh6 61. Kg3 g6 62. Bb3 Kc6 63. Rg7 Bd6 64. Kg4 f5+ 65. Kg3 Bxf4+ 66. Kxf4 Rxh3
67. Bg8 b3 68. Bxb3 Rxb3 69. Rxh7 Rb4+ 70. Kf3 Kd5 71. Rg7 Rg4 72. Re7 Kd6 73.
Re8 Kd7 74. Re1 Rd4 75. Rg1 Rd6 76. Kf4 Ke7 77. Kg5 Rd4 78. Rg2 Ke6 79. Rg1 Ke5
80. Rg2 Re4 81. Rg1 Re3 82. Kxg6 f4 83. Rf1 Rg3+ 84. Kh5 Ke4 85. Kh4 Rg8 86. Ra1
f3 87. Kh3 Rd8 88. Kg3 Rd3 89. Kf2 Rd2+ 90. Kf1 Ke3 91. Ra3+ Rd3 92. Rxd3+ Kxd3
93. Kf2 Ke4 94. Kf1 Ke3 95. Ke1 f2+ 96. Kf1 Kf3 1/2-1/2

[Event "26th Abu Dhabi Masters"]
[Site "Abu Dhabi UAE"]
[Date "2019.08.02"]
[Round "1.66"]
[White "Mahdian, Anousha"]
[Black "Sankalp, Gupta"]
[Result "1-0"]
[WhiteTitle "WFM"]
[WhiteElo "2118"]
[BlackElo "2416"]
[WhiteFideId "12571490"]
[BlackFideId "5097010"]
[EventDate "2019.08.02"]

1. d4 Nf6 2. c4 e6 3. Nc3 Bb4 4. Qc2 b6 5. e4 c5 6. d5 Qe7 7. Ne2 exd5 8. exd5
O-O 9. Bd2 d6 10. f3 a6 11. O-O-O Nbd7 12. Ng3 Re8 13. Nf5 Qf8 14. g4 Ne5 15.
Be2 b5 16. Ne3 Bb7 17. Rhf1 bxc4 18. g5 Nd3+ 19. Bxd3 cxd3 20. Qxd3 Nd7 21. Nc4
Ne5 22. Nxe5 dxe5 23. Ne4 a5 24. Qe3 Red8 25. Nf6+ gxf6 26. gxf6 Kh8 27. Rg1 Ra6
28. Qg5 Bxd2+ 29. Rxd2 h6 30. Qxe5 Qd6 31. Qe7 Rb6 32. Rg6 1-0

[Event "26th Abu Dhabi Masters"]
[Site "Abu Dhabi UAE"]
[Date "2019.08.02"]
[Round "1.70"]
[White "Vatsal, Singhania"]
[Black "Mendonca, Leon Luke"]
[Result "1-0"]
[WhiteTitle "FM"]
[BlackTitle "IM"]
[WhiteElo "2087"]
[BlackElo "2401"]
[WhiteFideId "25033972"]
[BlackFideId "35028561"]
[EventDate "2019.08.02"]

1. e4 c5 2. Nf3 e6 3. d4 cxd4 4. Nxd4 a6 5. c4 Nf6 6. Nc3 Qc7 7. a3 Be7 8. Be3
d6 9. Be2 Nbd7 10. O-O b6 11. b4 Bb7 12. f3 Rc8 13. Rc1 O-O 14. Qd2 Qb8 15. Rc2
Rfe8 16. Rb1 Bd8 17. Kh1 Bc7 18. Bg1 h5 19. Na4 h4 20. c5 b5 21. c6 bxa4 22.
cxb7 Qxb7 23. Qd3 Ra8 24. Qc4 Bb6 25. Qc6 Qb8 26. Qxa4 d5 27. exd5 exd5 28. Qb3 1-0

[Event "26th Abu Dhabi Masters"]
[Site "Abu Dhabi UAE"]
[Date "2019.08.03"]
[Round "2.1"]
[White "Kiriakov, Petr"]
[Black "Salem, A.R. Saleh"]
[Result "0-1"]
[WhiteTitle "GM"]
[BlackTitle "GM"]
[WhiteElo "2514"]
[BlackElo "2668"]
[WhiteFideId "4119231"]
[BlackFideId "9301348"]
[EventDate "2019.08.02"]

1. d4 Nf6 2. c4 g6 3. Nc3 Bg7 4. Nf3 O-O 5. e4 d6 6. Be2 e5 7. O-O Nc6 8. d5 Ne7
9. Ne1 Nd7 10. Be3 f5 11. f3 f4 12. Bf2 g5 13. a4 Rf6 14. a5 Rh6 15. Nd3 Nf6 16.
Be1 Rg6 17. Nf2 h5 18. h3 Kh8 19. Rc1 Neg8 20. c5 Nh6 21. cxd6 cxd6 22. Nb5 g4
23. Rxc8 Rxc8 24. Nxa7 Ra8 25. Nb5 Qd7 26. hxg4 hxg4 27. fxg4 Rg8 28. Qd3 Bf8
29. Qh3 Qh7 30. Bb4 Nfxg4 31. Nxg4 Nxg4 32. Qxh7+ Kxh7 33. Bf3 Ne3 34. Rc1 Rxg2+
35. Bxg2 Rxg2+ 36. Kh1 f3 37. Bxd6 Ng4 38. Rf1 Rh2+ 39. Kg1 f2+ 40. Rxf2 Rxf2
41. Bxf8 Rxf8 42. Nd6 Rf2 43. b4 Rb2 44. b5 Kg6 45. b6 Kg5 46. Nc4 Rb1+ 47. Kg2
Kf4 48. d6 Nf6 0-1